The chemistry of the transition elements /
Guardado en:
| Autor Principal: | |
|---|---|
| Otros Autores: | |
| Formato: | Libro |
| Idioma: | English |
| Publicado: |
Oxford :
Clarendon Press,
1973.
|
| Series: | Oxford chemistry series ;
13 |
| Materias: | |
| Etiquetas: |
Agregar Etiqueta
Sin Etiquetas, Sea el primero en etiquetar este registro!
|
| LEADER | 00723cam a22002055a 4500 | ||
|---|---|---|---|
| 001 | EIQ.libpla000006 | ||
| 008 | 740308s1973####enka#####b####001#0#eng#d | ||
| 005 | 20071226155703.0 | ||
| 245 | 1 | 4 | |a The chemistry of the transition elements / |c A. Earnshaw and T. J. Harrington. |
| 260 | |a Oxford : |b Clarendon Press, |c 1973. | ||
| 300 | |a 101 p. : |b il. ; |c 22 cm. | ||
| 490 | 0 | |a Oxford chemistry series ; |v 13 | |
| 504 | |a Incluye referencias bibliográficas (p. 99) e índice. | ||
| 020 | |a 0198554257 | ||
| 100 | 1 | |a Earnshaw, A. | |
| 700 | 1 | |a Harrington, T.J. | |
| 650 | 4 | |a Elementos de transición |x Metales. | |
| 650 | 4 | |a Transition elements |x Metals. | |
| 040 | |a AR-BbSID |b spa |c AR-BbSID | ||
| 859 | |a AR-BbSID |b BIB. PLAPIQUI |h 546.6 |i Ea 71 |p 4264 | ||
